Normal view
MARC view
Entry Personal Name
001 - CONTROL NUMBER
- control field: 66063
003 - CONTROL NUMBER IDENTIFIER
- control field: dpl
005 - DATE AND TIME OF LATEST TRANSACTION
- control field: 20240510112636.0
008 - FIXED-LENGTH DATA ELEMENTS
- fixed length control field: 240510|| aca||aabn | a|a d
040 ## - CATALOGING SOURCE
- Original cataloging agency: dpl
- Transcribing agency: dpl
100 ## - HEADING--PERSONAL NAME
- Personal name: Selvanathan,S et.al
670 ## - SOURCE DATA FOUND
- Source citation: Work cat.: (dpl)202791: Paradigm Shift Towards Sustainable Business and Management Practices/, 2023
